00882 2200301 4500001002100000005001500021035002000036007000300056008004100059020002200100082001400122084001600136100002900152245005300181250004000234300003800274650002400312504003400336264003600370336002100406337003000427338002300457040002200480090002200502850001200524999002200536990002200558INLIS00000000087839520240219105107 a0010-0523000272ta230510s2023 yoia g ind d a978-623-376-274-804223a338.1 a338.1 SIT p0 aSiti RochaeniePengarang10aPembangunan pertanian Indonesia /cSiti Rochaeni aEdisi ketiga: Cetakan Pertama, 2023 axii, 188 halaman :btabel ;c2023 4aPertanian, Industri aBibliografi : halaman 185-18831aYogyakarta :bGraha Ilmu,c2023 2rdacontentateks 2rdamediaatanpa perantara 2rdacarrieravolume aYOPDYOGbinderda aCB-D.11 2023-0356 aYOPDYOG aCB-D.11/2023-0356 aCB-D.11/2023-0356